000
00451nam a2200193Ia 4500
008
151119s9999||||xx |||||||||||||| ||und||
082
_a
306
082
_b
GKKV26689
100
_a
डे शोभा
245
_a
स्पाऊज
260
_a
--
260
_b
--
260
_c
2006
600
_a
डे शोभा
630
_a
स्पाऊज
700
_a
डे शोभा
730
_a
स्पाऊज
942
_c
BOOK
999
_c
1079157
_d
1079154